[Event "CAN-ch post-secondary"]
[Site "Kingston CAN"]
[Date "2009.01.17"]
[Round "3"]
[White "Touboulic, Julien"]
[Black "Tayar, Jonathan"]
[Result "0-1"]
[WhiteElo "2211"]
[BlackElo "2363"]
[WhiteFideId "-1"]
[WhiteFideId "-1"]
[PlyCount "68"]
[GameId "2160767910273304"]
[EventDate "2009.01.16"]
[EventType "team"]
[EventRounds "5"]
[EventCountry "CAN"]
[SourceTitle "EXT 2011"]
[Source "ChessBase"]
[SourceDate "2011.11.26"]
[SourceVersion "1"]
[SourceVersionDate "2011.11.26"]
[SourceQuality "1"]

1. e4 e5 2. Nf3 Nc6 3. Bb5 Nf6 4. O-O Nxe4 5. d4 a6 6. Ba4 b5 7. Bb3 d5 8. dxe5 Be6 9. c3 Bc5 10. Qe2 O-O 11. Be3 Bxe3 12. Qxe3 f6 13. exf6 Qxf6 14. Nbd2 Nxd2 15. Qxd2 Rad8 16. Nd4 Ne5 17. Nxe6 Qxe6 18. Bc2 c5 19. Rfe1 Qf6 20. Qe3 Nc4 21. Qxc5 d4 22. f3 d3 23. Bb3 d2 24. Bxc4+ bxc4 25. Rf1 Qe6 26. Rad1 Qe2 27. b3 cxb3 28. axb3 Kh8 29. c4 Rfe8 30. Qb4 Re5 31. Qb6 Rde8 32. Ra1 Qd3 33. Qb4 Qd4+ 34. Kh1 Qxa1 0-1

[Event "CAN-ch post-secondary"]
[Site "Kingston CAN"]
[Date "2009.01.18"]
[Round "4"]
[White "Tayar, Jonathan"]
[Black "Derraugh, Geordie"]
[Result "1-0"]
[WhiteElo "2363"]
[BlackElo "2090"]
[WhiteFideId "-1"]
[WhiteFideId "-1"]
[PlyCount "129"]
[GameId "2160767910273307"]
[EventDate "2009.01.16"]
[EventType "team"]
[EventRounds "5"]
[EventCountry "CAN"]
[SourceTitle "EXT 2011"]
[Source "ChessBase"]
[SourceDate "2011.11.26"]
[SourceVersion "1"]
[SourceVersionDate "2011.11.26"]
[SourceQuality "1"]

1. e4 e5 2. Bc4 Nc6 3. Nc3 Nf6 4. d3 Bc5 5. Bg5 h6 6. Bh4 Be7 7. Bxf6 Bxf6 8. Nge2 d6 9. Ng3 g6 10. a3 O-O 11. Nd5 Bg7 12. Ne3 Ne7 13. h4 c6 14. h5 g5 15. Qf3 Be6 16. O-O Qd7 17. Rfd1 d5 18. Bb3 f5 19. exf5 Nxf5 20. Nexf5 Bxf5 21. Qe3 Be6 22. c4 b6 23. cxd5 cxd5 24. Rac1 Kh8 25. Qe2 Rf7 26. Rd2 Raf8 27. a4 Re7 28. Ba2 Qe8 29. Rdc2 Qf7 30. Rc6 Rd8 31. Qe1 Rde8 32. Rd6 Qf4 33. Rdc6 Bf7 34. Qe3 Qg4 35. Qf3 Qxf3 36. gxf3 d4 37. Bxf7 Rxf7 38. Rc7 Ref8 39. Rxf7 Rxf7 40. Rc8+ Kh7 41. Kg2 Bf8 42. Ne4 Bg7 43. Nd6 Rd7 44. Nc4 Rb7 45. b3 Bf6 46. Nd6 Rd7 47. Nc4 Re7 48. b4 Bg7 49. b5 Bh8 50. Na3 Rg7 51. Kg3 Re7 52. Nc2 a6 53. bxa6 Ra7 54. Nb4 Bf6 55. Rb8 Bg7 56. Rb7 Ra8 57. a7 e4 58. fxe4 g4 59. Kxg4 Rg8 60. Rb8 Bf8+ 61. Kf3 Rg7 62. a8=Q Rf7+ 63. Ke2 Bxb4 64. Qc6 Rg7 65. Qe8 1-0

[Event "CAN-ch post-secondary"]
[Site "Kingston CAN"]
[Date "2009.01.18"]
[Round "5"]
[White "Gottlieb, Jonathan"]
[Black "Tayar, Jonathan"]
[Result "0-1"]
[WhiteElo "2157"]
[BlackElo "2363"]
[WhiteFideId "-1"]
[WhiteFideId "-1"]
[PlyCount "102"]
[GameId "2160767910273308"]
[EventDate "2009.01.16"]
[EventType "team"]
[EventRounds "5"]
[EventCountry "CAN"]
[SourceTitle "EXT 2011"]
[Source "ChessBase"]
[SourceDate "2011.11.26"]
[SourceVersion "1"]
[SourceVersionDate "2011.11.26"]
[SourceQuality "1"]

1. e4 c5 2. Nf3 d6 3. d4 Nf6 4. Nc3 cxd4 5. Nxd4 a6 6. Be2 e5 7. Nb3 Be7 8. O-O O-O 9. Be3 Be6 10. Qe1 Nbd7 11. Rd1 b5 12. a3 Rc8 13. Kh1 Nb6 14. f4 Qc7 15. f5 Bc4 16. Qf2 Na4 17. Nxa4 Nxe4 18. Qe1 Bxe2 19. Qxe2 bxa4 20. Na1 Qc4 21. Qh5 Nf6 22. Qh3 Rb8 23. Bc1 Qa2 24. Qg3 Rfc8 25. c3 Qc4 26. Nc2 Qe4 27. Ne3 Rd8 28. Rde1 Nh5 29. Qh3 Nf4 30. Qg4 h5 31. Qf3 Qxf3 32. Rxf3 Nd3 33. Rd1 Nxc1 34. Rxc1 Rxb2 35. Rd1 d5 36. g4 hxg4 37. Nxg4 e4 38. Rg3 Bxa3 39. Nf6+ Kf8 40. Nh7+ Ke7 41. Rxg7 Rc2 42. Rb1 Rc1+ 43. Rg1 Rxg1+ 44. Kxg1 Bc5+ 45. Kf1 Rd7 46. f6+ Ke6 47. h4 a3 48. h5 Rb7 49. Ra1 Rb2 50. Ke1 Rg2 51. h6 Rg1+ 0-1

[Event "World op"]
[Site "Philadelphia USA"]
[Date "2008.07.02"]
[Round "1"]
[White "Tayar, Jonathan"]
[Black "Gopal, Geetha Narayanan"]
[Result "0-1"]
[WhiteElo "2293"]
[BlackElo "2572"]
[WhiteFideId "-1"]
[WhiteFideId "-1"]
[PlyCount "98"]
[GameId "2129405095560052"]
[EventDate "2008.07.02"]
[EventType "swiss"]
[EventRounds "9"]
[EventCountry "USA"]
[SourceTitle "The Week in Chess 713"]
[Source "Mark Crowther"]
[SourceDate "2008.07.08"]
[SourceVersion "1"]
[SourceVersionDate "2008.07.08"]
[SourceQuality "2"]

1. e4 c5 2. Nf3 d6 3. d4 cxd4 4. Nxd4 Nf6 5. Nc3 a6 6. Bg5 e6 7. f4 Qc7 8. Bxf6 gxf6 9. Be2 Nc6 10. Qd2 h5 11. O-O-O Bd7 12. Rhf1 Be7 13. Rf3 Nxd4 14. Qxd4 Qc5 15. Qd2 b5 16. Bd3 b4 17. Ne2 Bc6 18. Rh3 d5 19. e5 f5 20. Ng1 a5 21. Be2 h4 22. Kb1 a4 23. Nf3 Qb6 24. Nd4 Bd7 25. g4 fxg4 26. Bxg4 a3 27. b3 Rg8 28. Bh5 Bc5 29. Rxh4 Rc8 30. f5 exf5 31. e6 Bxe6 32. Nxe6 Qxe6 33. Re1 Rg1 34. Rxg1 Bxg1 35. Qe2 Be3 36. Qb5+ Kf8 37. Qb7 Bf2 38. Qxb4+ Kg7 39. Rh3 Qe4 40. Qxe4 fxe4 41. Be2 f5 42. b4 f4 43. Rxa3 Rf8 44. Kc1 f3 45. Bf1 Bb6 46. Ra6 Rf6 47. a4 e3 48. Kd1 Rg6 49. a5 Rg1 0-1

[Event "World op"]
[Site "Philadelphia USA"]
[Date "2008.07.03"]
[Round "2"]
[White "Greanias, Steve"]
[Black "Tayar, Jonathan"]
[Result "0-1"]
[WhiteElo "2109"]
[BlackElo "2293"]
[WhiteFideId "-1"]
[WhiteFideId "-1"]
[PlyCount "80"]
[GameId "2129405095560067"]
[EventDate "2008.07.02"]
[EventType "swiss"]
[EventRounds "9"]
[EventCountry "USA"]
[SourceTitle "The Week in Chess 713"]
[Source "Mark Crowther"]
[SourceDate "2008.07.08"]
[SourceVersion "1"]
[SourceVersionDate "2008.07.08"]
[SourceQuality "2"]

1. c4 g6 2. Nf3 Bg7 3. d4 Nf6 4. g3 O-O 5. Bg2 d6 6. O-O Nc6 7. d5 Na5 8. Nfd2 c6 9. a3 Nd7 10. Ra2 cxd5 11. cxd5 b5 12. b4 Nc4 13. Nxc4 bxc4 14. Bb2 Ne5 15. Bd4 Qc7 16. f4 Ng4 17. Bxg7 Kxg7 18. Qd4+ Kg8 19. h3 Nf6 20. Rc1 Ba6 21. Nd2 Rfc8 22. Rac2 Qb6 23. Qf2 Qb5 24. e4 Nd7 25. Rxc4 Rxc4 26. Rxc4 Qa4 27. Rc3 Qd1+ 28. Kh2 Nb6 29. Bf3 Qa1 30. Qd4 Qe1 31. Nb3 Rc8 32. Rxc8+ Bxc8 33. Na5 h5 34. h4 Bg4 35. Bg2 Qe2 36. Qc3 Na4 37. Qc4 Qd2 38. Qb3 Nc3 39. Nc4 Qd4 40. e5 Bd1 0-1

[Event "World op"]
[Site "Philadelphia USA"]
[Date "2008.07.03"]
[Round "3"]
[White "Tayar, Jonathan"]
[Black "Mikhalevski, Victor"]
[Result "0-1"]
[WhiteElo "2293"]
[BlackElo "2592"]
[WhiteFideId "-1"]
[WhiteFideId "-1"]
[PlyCount "72"]
[GameId "2129405095560105"]
[EventDate "2008.07.02"]
[EventType "swiss"]
[EventRounds "9"]
[EventCountry "USA"]
[SourceTitle "The Week in Chess 713"]
[Source "Mark Crowther"]
[SourceDate "2008.07.08"]
[SourceVersion "1"]
[SourceVersionDate "2008.07.08"]
[SourceQuality "2"]

1. e4 e5 2. Nf3 Nc6 3. Bc4 Bc5 4. c3 Nf6 5. d3 d6 6. Nbd2 a6 7. Bb3 Ba7 8. O-O O-O 9. h3 Nh5 10. Nc4 Nf4 11. Bxf4 exf4 12. d4 Ne7 13. Re1 b5 14. Ncd2 c5 15. Rc1 Bb7 16. Qe2 Ng6 17. a3 Qf6 18. Bd5 Bxd5 19. exd5 c4 20. Qe4 Bb6 21. Re2 Ra7 22. Rce1 Ne7 23. Nf1 Bd8 24. h4 g6 25. N1h2 Qf5 26. Qxf5 Nxf5 27. Re4 Ne7 28. Rxf4 f5 29. Ng5 Nxd5 30. Rf3 h6 31. Nh3 Bxh4 32. Nf4 Nxf4 33. Rxf4 Re7 34. Rxe7 Bxe7 35. Rf3 Bg5 36. Rg3 Kf7 0-1

[Event "World op"]
[Site "Philadelphia USA"]
[Date "2008.07.04"]
[Round "4"]
[White "Bierkens, Pieter"]
[Black "Tayar, Jonathan"]
[Result "0-1"]
[WhiteElo "2170"]
[BlackElo "2293"]
[WhiteFideId "-1"]
[WhiteFideId "-1"]
[PlyCount "90"]
[GameId "2129405095560110"]
[EventDate "2008.07.02"]
[EventType "swiss"]
[EventRounds "9"]
[EventCountry "USA"]
[SourceTitle "The Week in Chess 713"]
[Source "Mark Crowther"]
[SourceDate "2008.07.08"]
[SourceVersion "1"]
[SourceVersionDate "2008.07.08"]
[SourceQuality "2"]

1. e4 c5 2. Nc3 d6 3. g3 Nc6 4. Bg2 g6 5. d3 Bg7 6. Nh3 Rb8 7. O-O b5 8. f4 Nd4 9. f5 Nf6 10. Nf4 O-O 11. g4 b4 12. Ncd5 e6 13. Nxf6+ Bxf6 14. Kh1 Bd7 15. Nh3 Ba4 16. b3 Bc6 17. Bh6 Re8 18. fxg6 hxg6 19. Qd2 Bg7 20. a4 Qh4 21. Bxg7 Kxg7 22. Qf4 Qe7 23. Rf2 e5 24. Qe3 Rh8 25. Raf1 Rbf8 26. Ng5 f6 27. Nh3 g5 28. Ng1 Bd7 29. Bf3 Rh4 30. Rg2 Rfh8 31. Bd1 Qf7 32. Qf2 Ne6 33. Ne2 Qe7 34. Ng3 Nf4 35. Nh5+ R8xh5 36. gxh5 Nxg2 37. Qxg2 Bh3 38. Qg1 Bxf1 39. Qxf1 Rf4 40. Qh3 Kh6 41. Bg4 Qf7 42. Kg2 d5 43. Be6 g4 44. Bxg4 Qg7 45. Kg3 Qg5 0-1

[Event "World op"]
[Site "Philadelphia USA"]
[Date "2008.07.04"]
[Round "5"]
[White "Tayar, Jonathan"]
[Black "Ippolito, Dean"]
[Result "1/2-1/2"]
[WhiteElo "2293"]
[BlackElo "2445"]
[WhiteFideId "-1"]
[WhiteFideId "-1"]
[PlyCount "43"]
[GameId "2129405095560153"]
[EventDate "2008.07.02"]
[EventType "swiss"]
[EventRounds "9"]
[EventCountry "USA"]
[SourceTitle "The Week in Chess 713"]
[Source "Mark Crowther"]
[SourceDate "2008.07.08"]
[SourceVersion "1"]
[SourceVersionDate "2008.07.08"]
[SourceQuality "2"]

1. e4 e5 2. Bc4 Nf6 3. d3 Nc6 4. Nf3 Bc5 5. c3 a6 6. Nbd2 Ba7 7. O-O O-O 8. Bb3 d6 9. h3 Be6 10. Nc4 h6 11. Re1 Nd7 12. Ne3 Bxb3 13. axb3 Nc5 14. b4 Ne6 15. Nf5 Qf6 16. Nh2 Rfe8 17. Ng4 Qg6 18. Nh4 Qh7 19. Qf3 Ne7 20. Nf5 Kf8 21. Nxe7 Rxe7 22. Nh2 1/2-1/2

[Event "World op"]
[Site "Philadelphia USA"]
[Date "2008.07.05"]
[Round "7"]
[White "Tayar, Jonathan"]
[Black "Arun Prasad, Subramanian"]
[Result "0-1"]
[WhiteElo "2293"]
[BlackElo "2492"]
[WhiteFideId "-1"]
[WhiteFideId "-1"]
[PlyCount "120"]
[GameId "2129405095560200"]
[EventDate "2008.07.02"]
[EventType "swiss"]
[EventRounds "9"]
[EventCountry "USA"]
[SourceTitle "The Week in Chess 713"]
[Source "Mark Crowther"]
[SourceDate "2008.07.08"]
[SourceVersion "1"]
[SourceVersionDate "2008.07.08"]
[SourceQuality "2"]

1. e4 c5 2. Nf3 d6 3. d4 cxd4 4. Nxd4 Nf6 5. Nc3 a6 6. Bg5 e6 7. f4 Nbd7 8. Qe2 Qc7 9. O-O-O b5 10. f5 b4 11. fxe6 bxc3 12. exd7+ Nxd7 13. Qc4 cxb2+ 14. Kb1 Qxc4 15. Bxc4 Ne5 16. Bd5 Rb8 17. Nc6 Nxc6 18. Bxc6+ Bd7 19. Bd5 Be7 20. Bf4 O-O 21. Bb3 Bc6 22. Bxd6 Bxd6 23. Rxd6 Bxe4 24. Rxa6 Bxg2 25. Re1 Rb7 26. Rd6 g6 27. Kxb2 Kg7 28. Re2 Bh1 29. Re1 Bf3 30. Rf1 Be4 31. a4 Rc8 32. Rf2 Rc5 33. Rd4 f5 34. Ka3 g5 35. Rb4 Rxb4 36. Kxb4 Rc8 37. c4 g4 38. c5 Kf6 39. Bc2 Bxc2 40. Rxc2 f4 41. c6 h5 42. Kc5 f3 43. Kd4 Ke6 44. Ke4 Kd6 45. Rd2+ Kxc6 46. Kf4 Ra8 47. Ra2 Rf8+ 48. Kg3 h4+ 49. Kf2 Kb6 50. a5+ Ka6 51. Ra1 Rb8 52. Ra2 Rb3 53. Rd2 Kxa5 54. Rd5+ Kb6 55. Rg5 Rb2+ 56. Ke3 Re2+ 57. Kd3 Rg2 58. Ke3 f2 59. Ke2 g3 60. hxg3 hxg3 0-1

[Event "World op 36th"]
[Site "Philadelphia"]
[Date "2008.07.05"]
[Round "6"]
[White "Mitkov, Nikola"]
[Black "Tayar, Jonathan"]
[Result "0-1"]
[WhiteElo "2556"]
[BlackElo "2293"]
[WhiteFideId "-1"]
[WhiteFideId "-1"]
[PlyCount "202"]
[GameId "1166650668462080"]
[EventDate "2008.07.02"]
[EventType "swiss"]
[EventRounds "9"]
[EventCountry "USA"]
[SourceTitle "CBM 125 Extra"]
[Source "ChessBase"]
[SourceDate "2008.09.01"]
[SourceVersion "1"]
[SourceVersionDate "2008.09.01"]
[SourceQuality "1"]

1. e4 c5 2. Nc3 d6 3. f4 Nc6 4. Nf3 g6 5. Bc4 Bg7 6. O-O e6 7. Qe1 Nge7 8. d3 O-O 9. Bb3 Nd4 10. Nxd4 cxd4 11. Ne2 Kh8 12. Kh1 Bd7 13. Bd2 f5 14. Ng1 Nc6 15. Nf3 Qf6 16. Qg3 Rae8 17. e5 Qe7 18. Rae1 Rd8 19. Re2 b6 20. a3 d5 21. Be1 Qc5 22. Bf2 Rc8 23. Bg1 Rc7 24. Qf2 Rfc8 25. h3 Bf8 26. Nxd4 Nxd4 27. Qxd4 Qb5 28. Qe3 Bc5 29. Qd2 a5 30. a4 Qb4 31. d4 Be7 32. Ra1 b5 33. Qxb4 axb4 34. axb5 Bxb5 35. Ree1 Bc4 36. Bxc4 Rxc4 37. Ra6 R4c6 38. Rxc6 Rxc6 39. Re2 Ra6 40. g3 Ra1 41. b3 Kg8 42. Kg2 Kf7 43. Bf2 Ke8 44. Be1 Kd7 45. Kf3 Rd1 46. Bd2 h5 47. Rh2 Ke8 48. Ke2 Rb1 49. Be1 Ra1 50. Rg2 Kf7 51. g4 Ra2 52. Kd3 Ra1 53. Kd2 Rb1 54. gxh5 gxh5 55. Re2 Ra1 56. Re3 Rb1 57. Rd3 Ra1 58. Re3 Rb1 59. Ke2 Rb2 60. Kd1 Rb1+ 61. Kd2 Bd8 62. Ke2 Be7 63. c4 bxc3 64. Rxc3 Rb2+ 65. Kf3 Ke8 66. Rd3 Kd7 67. Bd2 Kc6 68. Rc3+ Kd7 69. Rd3 Kc6 70. Ba5 Rh2 71. Rc3+ Kd7 72. Kg3 Rb2 73. h4 Rb1 74. Rc7+ Ke8 75. Rb7 Rd1 76. b4 Rxd4 77. b5 Ra4 78. Ra7 Bc5 79. b6 Ra3+ 80. Kg2 Rb3 81. Ra8+ Kd7 82. Ra7+ Ke8 83. Rb7 Rb5 84. Rb8+ Kd7 85. b7 Ba7 86. Rd8+ Ke7 87. Ra8 Rxb7 88. Rh8 Rb2+ 89. Kf3 Rb3+ 90. Ke2 Be3 91. Rh7+ Ke8 92. Rxh5 Bxf4 93. Rh8+ Ke7 94. Rh7+ Ke8 95. h5 Rh3 96. Bc7 d4 97. Rh8+ Kd7 98. Bd6 Kc6 99. Rh7 Kd5 100. Rd7 d3+ 101. Kd1 Rh1# 0-1

[Event "World op 36th"]
[Site "Philadelphia"]
[Date "2008.07.06"]
[Round "9"]
[White "Tayar, Jonathan"]
[Black "Ramirez Alvarez, Alejandro"]
[Result "1/2-1/2"]
[WhiteElo "2293"]
[BlackElo "2531"]
[WhiteFideId "-1"]
[WhiteFideId "-1"]
[PlyCount "52"]
[GameId "1166650668769280"]
[EventDate "2008.07.02"]
[EventType "swiss"]
[EventRounds "9"]
[EventCountry "USA"]
[SourceTitle "CBM 125 Extra"]
[Source "ChessBase"]
[SourceDate "2008.09.01"]
[SourceVersion "1"]
[SourceVersionDate "2008.09.01"]
[SourceQuality "1"]

1. e4 e6 2. d4 d5 3. exd5 exd5 4. Nc3 Bb4 5. Bd3 Nc6 6. Nge2 Nge7 7. Bf4 Be6 8. O-O Qd7 9. Na4 b6 10. a3 Bd6 11. Bxd6 Qxd6 12. Nac3 Bg4 13. Qd2 Bxe2 14. Nxe2 O-O 15. c3 Na5 16. Qf4 Qd7 17. Rfe1 Ng6 18. Qg3 Rfe8 19. Nf4 c6 20. Nxg6 hxg6 21. Rad1 Rxe1+ 22. Rxe1 Re8 23. Rxe8+ Qxe8 24. Qe3 Kf8 25. Qxe8+ Kxe8 26. Kf1 Ke7 1/2-1/2

[Event "CAN-op"]
[Site "Ottawa CAN"]
[Date "2007.07.08"]
[Round "2"]
[White "Tayar, Jonathan"]
[Black "Sadeghi, Saeid"]
[Result "1-0"]
[WhiteElo "2271"]
[BlackElo "2087"]
[WhiteFideId "-1"]
[WhiteFideId "-1"]
[PlyCount "57"]
[GameId "2160767910576530"]
[EventDate "2007.07.07"]
[EventType "swiss"]
[EventRounds "10"]
[EventCountry "CAN"]
[SourceTitle "CBM 119 Extra"]
[Source "ChessBase"]
[SourceDate "2007.09.04"]
[SourceVersion "1"]
[SourceVersionDate "2007.09.04"]
[SourceQuality "1"]

1. e4 e5 2. Nf3 Nc6 3. Bc4 Bc5 4. c3 Nf6 5. d3 d6 6. Nbd2 Bb6 7. Bb3 a6 8. O-O Ba7 9. Re1 O-O 10. Nf1 Ne7 11. Ng3 Ng6 12. h3 Be6 13. Bc2 Qc8 14. d4 c6 15. Bg5 Ne8 16. Qd2 f6 17. Be3 Nc7 18. Rad1 Bb8 19. dxe5 dxe5 20. Nf5 Bxf5 21. exf5 Nf4 22. Bxf4 exf4 23. Bb3+ Nd5 24. Bxd5+ cxd5 25. Qxd5+ Kh8 26. Re7 Be5 27. Nxe5 fxe5 28. Qxe5 Rg8 29. f6 1-0

[Event "CAN-op"]
[Site "Ottawa CAN"]
[Date "2007.07.08"]
[Round "3"]
[White "Bond, Hal"]
[Black "Tayar, Jonathan"]
[Result "0-1"]
[WhiteElo "1907"]
[BlackElo "2271"]
[WhiteFideId "-1"]
[WhiteFideId "-1"]
[PlyCount "56"]
[GameId "2160767910576536"]
[EventDate "2007.07.07"]
[EventType "swiss"]
[EventRounds "10"]
[EventCountry "CAN"]

1. e4 c5 2. d4 cxd4 3. c3 dxc3 4. Nxc3 Nc6 5. Nf3 a6 6. Bc4 e6 7. O-O b5 8. Bb3 d6 9. Be3 Nf6 10. Qe2 Be7 11. Rfd1 Bd7 12. Rac1 Qb8 13. h3 O-O 14. Bf4 Ne5 15. Nd4 b4 16. Na4 Qb7 17. Bg5 h6 18. Bxf6 Bxf6 19. f4 Ng6 20. f5 Nf4 21. Qe3 Bg5 22. Qf3 exf5 23. exf5 Qxf3 24. gxf3 Bxa4 25. Bxa4 Nxh3+ 26. Kh2 Nf2 27. Rf1 Bxc1 28. Rxc1 Nd3 0-1

[Event "Wch U18"]
[Site "Batumi"]
[Date "2006.10.26"]
[Round "9"]
[White "Tayar, Jonathan"]
[Black "Szabo, Krisztian"]
[Result "0-1"]
[WhiteElo "2214"]
[BlackElo "2467"]
[WhiteFideId "-1"]
[WhiteFideId "-1"]
[PlyCount "70"]
[GameId "1166648893992960"]
[EventDate "2006.10.19"]
[EventType "swiss"]
[EventRounds "11"]
[EventCountry "GEO"]
[SourceTitle "EXT 2007"]
[Source "ChessBase"]
[SourceDate "2006.11.23"]
[SourceVersion "1"]
[SourceVersionDate "2006.11.23"]
[SourceQuality "1"]

1. e4 c5 2. Nf3 e6 3. d4 cxd4 4. Nxd4 Nc6 5. Be3 Nf6 6. Nc3 a6 7. Qd2 Qc7 8. O-O-O Bb4 9. f3 Ne5 10. Nb3 b5 11. Qe1 Be7 12. f4 Nc4 13. e5 Ng4 14. Bd4 O-O 15. Bd3 Bb7 16. h3 Nh6 17. Rg1 f5 18. g4 fxg4 19. Qg3 Qd8 20. Ne2 Bh4 21. Qh2 g3 22. Nxg3 Kh8 23. Nc5 Bd5 24. Nh5 Rf7 25. Rdf1 Qa5 26. a3 b4 27. b3 Nxa3 28. f5 Nb5 29. Bxb5 Qxb5 30. f6 g5 31. Qd2 Rc8 32. Rd1 Nf5 33. Rxg5 Nxd4 34. Rdg1 Bxg5 35. Qxg5 Ne2+ 0-1

[Event "Wch-U18"]
[Site "Batumi GEO"]
[Date "2006.10.19"]
[Round "1"]
[White "Tayar, Jonathan"]
[Black "Leon Hoyos, Manuel"]
[Result "1-0"]
[WhiteElo "2214"]
[BlackElo "2437"]
[WhiteFideId "-1"]
[WhiteFideId "-1"]
[PlyCount "93"]
[GameId "2129405109121272"]
[EventDate "2006.10.19"]
[EventType "swiss"]
[EventRounds "13"]
[EventCountry "GEO"]
[SourceTitle "The Week in Chess 625"]
[Source "Mark Crowther"]
[SourceDate "2006.10.30"]
[SourceVersion "1"]
[SourceVersionDate "2006.10.30"]
[SourceQuality "2"]

1. e4 c5 2. Nf3 d6 3. d4 cxd4 4. Nxd4 Nf6 5. Nc3 a6 6. Bg5 Nc6 7. Bxf6 gxf6 8. Bc4 e6 9. Bb3 Bd7 10. Qd3 Qa5 11. f4 Rg8 12. g3 O-O-O 13. O-O-O Kb8 14. Kb1 Be7 15. Rhf1 Rc8 16. f5 Qe5 17. Nd5 exd5 18. Nxc6+ Bxc6 19. exd5 Bb5 20. c4 Rg4 21. Rfe1 Rgxc4 22. Bxc4 Bxc4 23. Qf3 Bxd5 24. Qxd5 Qxd5 25. Rxd5 Bf8 26. Rd4 Ka7 27. Rh4 h6 28. Rg4 Rd8 29. Rg8 d5 30. Kc2 Kb6 31. Kd3 Kc5 32. Rh8 b5 33. Rh7 Bd6 34. Rxf7 Be5 35. Re2 Rg8 36. Rh7 Rg5 37. Rf2 h5 38. Rh6 Kb4 39. Rg6 Rg4 40. Rxg4+ hxg4 41. Re2 Kc5 42. Rc2+ Kb4 43. b3 Ka3 44. Rc6 Kxa2 45. Kc2 a5 46. Rc5 a4 47. Rxb5 1-0

[Event "Wch-U18"]
[Site "Batumi GEO"]
[Date "2006.10.20"]
[Round "2"]
[White "Jojua, Davit"]
[Black "Tayar, Jonathan"]
[Result "1-0"]
[WhiteElo "2394"]
[BlackElo "2214"]
[WhiteFideId "-1"]
[WhiteFideId "-1"]
[PlyCount "114"]
[GameId "2129405109121282"]
[EventDate "2006.10.19"]
[EventType "swiss"]
[EventRounds "13"]
[EventCountry "GEO"]
[SourceTitle "The Week in Chess 625"]
[Source "Mark Crowther"]
[SourceDate "2006.10.30"]
[SourceVersion "1"]
[SourceVersionDate "2006.10.30"]
[SourceQuality "2"]

1. d4 Nf6 2. c4 g6 3. Nc3 Bg7 4. e4 d6 5. Nf3 O-O 6. h3 e5 7. d5 Na6 8. Bg5 h6 9. Be3 Nc5 10. Nd2 a5 11. Be2 Bd7 12. g4 a4 13. h4 c6 14. g5 hxg5 15. hxg5 Nh7 16. Rg1 Qa5 17. a3 Rfe8 18. f3 Bf8 19. Kf2 Be7 20. Rg3 Qb6 21. Qg1 Qxb2 22. Na2 Qxa3 23. Qh2 Nxg5 24. Rh1 Nh3+ 25. Rxh3 Bxh3 26. Qxh3 Bf6 27. Bg5 Bg7 28. Nc1 Qc3 29. Nf1 Nxe4+ 30. fxe4 Qxh3 31. Rxh3 f6 32. Bd2 Kf7 33. Bg4 Rh8 34. Be6+ Ke7 35. Rg3 g5 36. Ra3 Rh4 37. Ng3 Rh2+ 38. Ke1 Bf8 39. Nce2 Kd8 40. Be3 c5 41. Bg1 Rh4 42. Nc3 Ra6 43. Ke2 Ra5 44. Bf2 Be7 45. Nb5 Ra6 46. Nc3 Rh2 47. Bg4 Rh4 48. Kf3 Rh2 49. Rxa4 Kc7 50. Nge2 Rh1 51. Bg1 Rh8 52. Ra2 Rxa2 53. Nxa2 Ra8 54. Nac3 Ra4 55. Nxa4 Bf8 56. Nac3 Kb6 57. Nb5 Ka5 1-0

[Event "Wch-U18"]
[Site "Batumi GEO"]
[Date "2006.10.21"]
[Round "3"]
[White "Tayar, Jonathan"]
[Black "Fruebing, Stefan"]
[Result "0-1"]
[WhiteElo "2214"]
[BlackElo "2306"]
[WhiteFideId "-1"]
[WhiteFideId "-1"]
[PlyCount "144"]
[GameId "2129405109121294"]
[EventDate "2006.10.19"]
[EventType "swiss"]
[EventRounds "13"]
[EventCountry "GEO"]
[SourceTitle "The Week in Chess 625"]
[Source "Mark Crowther"]
[SourceDate "2006.10.30"]
[SourceVersion "1"]
[SourceVersionDate "2006.10.30"]
[SourceQuality "2"]

1. e4 e5 2. Nf3 d6 3. Bc4 Nf6 4. Ng5 d5 5. exd5 h6 6. Nf3 e4 7. Qe2 Bb4 8. O-O O-O 9. Nd4 Re8 10. Nc3 Bc5 11. Nb3 Bg4 12. Qe1 Bb6 13. d4 exd3 14. Qd2 dxc2 15. Bd3 Nbd7 16. Bxc2 Ne5 17. Bd1 Bf5 18. Be2 Qd6 19. Qf4 Bd7 20. Qg3 Kh8 21. Bf4 g5 22. Bd2 Ng6 23. Qxd6 cxd6 24. Bb5 Rad8 25. Rad1 a6 26. Bxd7 Rxd7 27. h3 Kh7 28. Na1 Nh4 29. Nc2 Nf5 30. Bc1 Kg6 31. a4 Rde7 32. Na3 Ng3 33. Nc4 Nxf1 34. Kxf1 Bc5 35. a5 Ne4 36. Be3 Bxe3 37. fxe3 Nxc3 38. bxc3 Rd8 39. Kf2 Rc7 40. Rd4 f5 41. Ke2 Kf6 42. Kd3 Rc5 43. g3 Ke7 44. g4 Rf8 45. gxf5 Rxf5 46. Re4+ Kd7 47. Nb6+ Kd8 48. Re6 Rxa5 49. Rxd6+ Kc7 50. Rxh6 Rb5 51. Ke4 Rf8 52. Nc4 a5 53. Rh7+ Kb8 54. Kd4 a4 55. Rg7 Rb3 56. Rxg5 a3 57. Rg2 b5 58. Na5 Rb2 59. Nc6+ Kc7 60. Rg7+ Kb6 61. Ra7 a2 62. c4 bxc4 63. Kc3 Rff2 64. Ra8 Rb1 65. Kxc4 Rc1+ 66. Kd4 a1=Q+ 67. Rxa1 Rxa1 68. e4 Rc1 69. Ne7 Rh2 70. Ke5 Rxh3 71. Kd6 Rh6+ 72. Kd7 Rc7+ 0-1

[Event "Wch-U18"]
[Site "Batumi GEO"]
[Date "2006.10.22"]
[Round "4"]
[White "Arun Prasad, Subramanian"]
[Black "Tayar, Jonathan"]
[Result "1-0"]
[WhiteElo "2424"]
[BlackElo "2214"]
[WhiteFideId "-1"]
[WhiteFideId "-1"]
[PlyCount "131"]
[GameId "2129405109121297"]
[EventDate "2006.10.19"]
[EventType "swiss"]
[EventRounds "13"]
[EventCountry "GEO"]
[SourceTitle "The Week in Chess 625"]
[Source "Mark Crowther"]
[SourceDate "2006.10.30"]
[SourceVersion "1"]
[SourceVersionDate "2006.10.30"]
[SourceQuality "2"]

1. e4 c5 2. Nf3 d6 3. d4 Nf6 4. Nc3 cxd4 5. Nxd4 a6 6. Be2 e5 7. Nb3 Be7 8. Be3 Be6 9. Nd5 Nxd5 10. exd5 Bf5 11. O-O O-O 12. a4 Bg5 13. Bxg5 Qxg5 14. Kh1 Nd7 15. Na5 Rac8 16. Rc1 Rc7 17. b4 Rfc8 18. c4 Nb6 19. Rc3 Bd7 20. Ra3 Qf4 21. Ra1 Be8 22. Qb3 g6 23. Kg1 Qd2 24. Ra2 Qf4 25. Rd1 h5 26. Rda1 Kg7 27. Bf1 h4 28. c5 dxc5 29. bxc5 Nd7 30. c6 bxc6 31. d6 Ra7 32. Rd1 Nf6 33. Rc2 Raa8 34. Nc4 Rab8 35. Qc3 Nd7 36. g3 hxg3 37. hxg3 Qf6 38. Bh3 c5 39. a5 Kh7 40. Rcc1 Rd8 41. Bxd7 Bxd7 42. Qxe5 Qf3 43. Nd2 Qf5 44. Qxf5 Bxf5 45. Nc4 Rb5 46. Ne5 Kg7 47. Nc6 Rd7 48. Ne5 Rd8 49. Rd2 f6 50. Nc6 Rd7 51. f3 Rdb7 52. Rd5 Rd7 53. Re1 Rb1 54. Rxb1 Bxb1 55. Nb8 Rd8 56. Nc6 Rd7 57. Nb8 Rd8 58. Nxa6 c4 59. Nc7 Kf7 60. a6 c3 61. a7 c2 62. Rc5 Rxd6 63. a8=Q Rd1+ 64. Kf2 c1=Q 65. Rxc1 Rxc1 66. Qe8+ 1-0